The geometry of art and life / (Record no. 352737)
[ view plain ]
| 000 -LEADER | |
|---|---|
| fixed length control field | 00919 a2200265 4500 |
| 003 - CONTROL NUMBER IDENTIFIER | |
| control field | OSt |
| 005 - DATE AND TIME OF LATEST TRANSACTION | |
| control field | 20180116192343.0 |
| 008 - FIXED-LENGTH DATA ELEMENTS--GENERAL INFORMATION | |
| fixed length control field | 120530t xxu||||| |||| 00| 0 eng d |
| 010 ## - LIBRARY OF CONGRESS CONTROL NUMBER | |
| LC control number | 77078586 |
| 020 ## - INTERNATIONAL STANDARD BOOK NUMBER | |
| International Standard Book Number | 0486235424 : |
| 020 ## - INTERNATIONAL STANDARD BOOK NUMBER | |
| International Standard Book Number | 9780486235424 |
| 040 ## - CATALOGING SOURCE | |
| Transcribing agency | 0 |
| 082 00 - DEWEY DECIMAL CLASSIFICATION NUMBER | |
| Classification number | 701.17 |
| 100 1# - MAIN ENTRY--PERSONAL NAME | |
| Personal name | Ghyka, Matila Costiescu, |
| 9 (RLIN) | 2725 |
| 245 14 - TITLE STATEMENT | |
| Title | The geometry of art and life / |
| Statement of responsibility, etc. | Matila Ghyka. |
| 260 ## - PUBLICATION, DISTRIBUTION, ETC. | |
| Place of publication, distribution, etc. | New York : |
| Name of publisher, distributor, etc. | Dover Publications, |
| Date of publication, distribution, etc. | 1977. |
| 300 ## - PHYSICAL DESCRIPTION | |
| Extent | xvii, 174 p. : |
| Other physical details | ill. ; |
| Dimensions | 22 cm. |
| 500 ## - GENERAL NOTE | |
| General note | Reprint of the 1946 ed. published by Sheed and Ward, New York; slightly corrected. |
| 650 #0 - SUBJECT ADDED ENTRY--TOPICAL TERM | |
| Topical term or geographic name entry element | Proportion. |
| 9 (RLIN) | 2726 |
| 650 #0 - SUBJECT ADDED ENTRY--TOPICAL TERM | |
| Topical term or geographic name entry element | Proportion (Art) |
| 9 (RLIN) | 2727 |
| 650 #0 - SUBJECT ADDED ENTRY--TOPICAL TERM | |
| Topical term or geographic name entry element | Aesthetics. |
| 9 (RLIN) | 2728 |
| 856 42 - ELECTRONIC LOCATION AND ACCESS | |
| Materials specified | Publisher description |
| Uniform Resource Identifier | <a href="http://www.loc.gov/catdir/description/dover033/77078586.html">http://www.loc.gov/catdir/description/dover033/77078586.html</a> |
| 942 ## - ADDED ENTRY ELEMENTS (KOHA) | |
| Institution code [OBSOLETE] | SADA |
| Koha item type | Book |
| Call number prefix | 701.17 GHY 1977 |
| Source of classification or shelving scheme | |
| Withdrawn status | Lost status | Source of classification or shelving scheme | Damaged status | Not for loan | Permanent Location | Current Location | Date acquired | Total Checkouts | Full call number | Barcode | Date last seen | Copy number | Cost, replacement price | Price effective from | Koha item type |
|---|---|---|---|---|---|---|---|---|---|---|---|---|---|---|---|
| School of Art Design and Architecture (SADA) | School of Art Design and Architecture (SADA) | 04/12/2011 | 701.17 GHY 1977 | SADA0000807 | 08/05/2011 | 01 | 708.00 | 08/05/2011 | Book | ||||||
| School of Art Design and Architecture (SADA) | School of Art Design and Architecture (SADA) | 04/12/2011 | 701.17 GHY 1977 | SADA0000808 | 08/05/2011 | 02 | 708.00 | 08/05/2011 | Book | ||||||
| School of Art Design and Architecture (SADA) | School of Art Design and Architecture (SADA) | 04/12/2011 | 701.17 GHY 1977 | SADA0000809 | 08/05/2011 | 03 | 708.00 | 08/05/2011 | Book | ||||||
| School of Art Design and Architecture (SADA) | School of Art Design and Architecture (SADA) | 04/12/2011 | 701.17 GHY 1977 | SADA0000810 | 08/05/2011 | 04 | 708.00 | 08/05/2011 | Book |
